01394cam a22004094i 4500003000900000005001700009008004100026020001500067035002700082040003300109082001900142100003100161245013300192264006300325300003800388336002100426337002500447338002300472505032000495526001000815526001000825526000900835526000900844526000900853526000900862526000900871526000900880526000800889526000800897526000800905526000800913526000800921526000800929526000800937526000800945650003100953PE-LiUPU20250731180156.0150616s r 000 0 d a9684225636 a(Sirsi) i9789684225633 aPE-LiUPUbspacPE-LiUPUerda04a519bB87/e2211 aBudnick, Frank S.,eautor.10aMatemáticas Aplicadas para Administración, Economía y Ciencias Sociales /cFrank S. Budnick ; tr. Efrén Alatorre Miguel. 1aMéxico :bMcGraw-Hill/Interamericana de México,c1990. a948 páginas ;c23 centímetros atext2rdacontent aunmediated2rdamedia avolume2rdacarrier0 aFunciones matemátics.- Ecuaciones lineales.- Ecuaciones lineales: aplicaciones.- Sistemas de ecuaciones lineales.- Algebra de matrices.- Programación lineal: una introducción.- El método símplex.- Otras aplicaciones y extensiones de la programación lineal.- Introducción a la teoría de probabilidad. aSEG44 aSEG26 aP159 aP155 aP154 aP153 aP150 aP100 aP31 aP30 aP26 aP25 aP24 aP22 aP15 aP1004aMatemáticas comerciales.